[Event "DEM U18 2019"]
[Site "Willingen GER"]
[Date "2019.06.13"]
[Round "7"]
[White "Hinrichs, Niklas"]
[Black "Mätzkow, Maximilian Paul"]
[Result "1/2-1/2"]
[Termination "normal"]
[Board "10"]
[BlackTitle "FM"]
[WhiteElo "2128"]
[BlackElo "2338"]
[WhiteClock "00:02:58"]
[BlackClock "00:03:37"]
[PlyCount "110"]
[WhiteFideId "12942499"]
[BlackFideId "24679933"]
[EventCountry "GER"]
[EventRounds "9"]
[EventType "swiss"]
[EventDate "2019.06.08"]

1. e4 {[%clk 1:30:57]} 1... c5 {[%clk 1:25:25]} 2. Nf3 {[%clk 1:31:20]} 2... d6
{[%clk 1:23:25]} 3. Bb5+ {[%clk 1:31:43]} 3... Bd7 {[%clk 1:23:35]} 4. Bxd7+ {
[%clk 1:31:55]} 4... Qxd7 {[%clk 1:24:00]} 5. c4 {[%clk 1:32:13]} 5... Nc6 {
[%clk 1:24:17]} 6. d4 {[%clk 1:32:14]} 6... cxd4 {[%clk 1:24:42]} 7. Nxd4 {
[%clk 1:32:40]} 7... g6 {[%clk 1:24:59]} 8. Be3 {[%clk 1:32:35]} 8... Bg7 {
[%clk 1:25:24]} 9. Nc3 {[%clk 1:32:53]} 9... Nf6 {[%clk 1:25:45]} 10. f3 {
[%clk 1:33:09]} 10... O-O {[%clk 1:26:11]} 11. O-O {[%clk 1:33:31]} 11... Rfc8
{[%clk 1:26:15]} 12. b3 {[%clk 1:33:21]} 12... Qd8 {[%clk 1:25:19]} 13. Qd2 {
[%clk 1:32:41]} 13... Nd7 {[%clk 1:20:59]} 14. Rfd1 {[%clk 1:21:45]} 14... Nc5
{[%clk 1:14:33]} 15. Nxc6 {[%clk 1:04:42]} 15... Rxc6 {[%clk 1:14:13]} 16. Bd4
{[%clk 1:05:03]} 16... Bxd4+ {[%clk 1:12:32]} 17. Qxd4 {[%clk 1:02:52]} 17...
Ne6 {[%clk 0:46:10]} 18. Qe3 {[%clk 0:59:43]} 18... Qa5 {[%clk 0:45:44]} 19.
Nd5 {[%clk 0:57:12]} 19... Re8 {[%clk 0:45:12]} 20. e5 {[%clk 0:47:39]} 20...
dxe5 {[%clk 0:36:49]} 21. Qxe5 {[%clk 0:47:39]} 21... Qc5+ {[%clk 0:36:45]} 22.
Kh1 {[%clk 0:41:30]} 22... f6 {[%clk 0:23:58]} 23. Qe3 {[%clk 0:34:53]} 23...
Qxe3 {[%clk 0:23:27]} 24. Nxe3 {[%clk 0:35:19]} 24... Kf7 {[%clk 0:22:58]} 25.
Kg1 {[%clk 0:35:31]} 25... a6 {[%clk 0:20:36]} 26. Kf2 {[%clk 0:34:29]} 26...
b5 {[%clk 0:18:03]} 27. g3 {[%clk 0:32:58]} 27... Rb8 {[%clk 0:17:32]} 28. Rd2
{[%clk 0:29:33]} 28... bxc4 {[%clk 0:13:47]} 29. Nxc4 {[%clk 0:29:47]} 29... h5
{[%clk 0:06:34]} 30. h4 {[%clk 0:24:12]} 30... Rc7 {[%clk 0:05:52]} 31. Rad1 {
[%clk 0:22:31]} 31... Ke8 {[%clk 0:05:26]} 32. Ke3 {[%clk 0:22:16]} 32... Rb5 {
[%clk 0:05:07]} 33. Rd5 {[%clk 0:19:31]} 33... Ng7 {[%clk 0:04:09]} 34. Rd8+ {
[%clk 0:18:55]} 34... Kf7 {[%clk 0:04:35]} 35. R8d7 {[%clk 0:19:10]} 35... Nf5+
{[%clk 0:04:52]} 36. Kf2 {[%clk 0:19:31]} 36... Rbc5 {[%clk 0:05:03]} 37. Rxc7
{[%clk 0:17:04]} 37... Rxc7 {[%clk 0:05:29]} 38. Rd2 {[%clk 0:09:51]} 38... Ke6
{[%clk 0:05:00]} 39. Nb2 {[%clk 0:08:07]} 39... g5 {[%clk 0:04:10]} 40. hxg5 {
[%clk 0:07:52]} 40... fxg5 {[%clk 0:04:39]} 41. Nd3 {[%clk 0:07:36]} 41... h4 {
[%clk 0:00:31]} 42. gxh4 {[%clk 0:08:00]} 42... gxh4 {[%clk 0:00:47]} 43. Re2+
{[%clk 0:01:59]} 43... Kf7 {[%clk 0:28:43]} 44. Ne5+ {[%clk 0:27:34]} 44... Kf6
{[%clk 0:25:50]} 45. Nc4 {[%clk 0:20:06]} 45... e6 {[%clk 0:24:05]} 46. Re4 {
[%clk 0:13:05]} 46... Rd7 {[%clk 0:19:24]} 47. Kg2 {[%clk 0:10:47]} 47... Rd1 {
[%clk 0:18:14]} 48. Kh3 {[%clk 0:07:56]} 48... Rg1 {[%clk 0:17:21]} 49. Ne5 {
[%clk 0:05:06]} 49... Rh1+ {[%clk 0:14:38]} 50. Kg2 {[%clk 0:05:17]} 50... Rc1
{[%clk 0:15:05]} 51. Ng4+ {[%clk 0:04:48]} 51... Kf7 {[%clk 0:14:42]} 52. Re2 {
[%clk 0:04:51]} 52... Ke7 {[%clk 0:10:24]} 53. Ne3 {[%clk 0:03:25]} 53... Ng3 {
[%clk 0:04:14]} 54. Rd2 {[%clk 0:03:17]} 54... Re1 {[%clk 0:03:58]} 55. Nc4 {
[%clk 0:02:58]} 55... Rc1 {[%clk 0:03:37]} 1/2-1/2